| 000 | 00738nam a22002297a 4500 | ||
|---|---|---|---|
| 005 | 20150318112535.0 | ||
| 008 | 140714b xxu||||| |||| 00| 0 Urdu d | ||
| 010 | _aUR-8735 | ||
| 020 | q |
_a9789380279046 _c145.00 |
|
| 035 | _aU-7290 | ||
| 037 | _bDBAD/Pub. | ||
| 040 |
_aDPL _bUrdu |
||
| 082 | _a841.08 | ||
| 100 | _aشين کا ف نظا م | ||
| 110 | _b- | ||
| 245 |
_aمعنی د ر معنی : مجمو عہ مضا مين _cشين کا ف نظا م |
||
| 246 |
_aMaani Dar Maaani _bBy Sheen Kaaf Nizam |
||
| 260 |
_aد ھلی _bShahid Publications _c2010 |
||
| 270 |
_a2253,Resham Street,Kucha Chelan, Darya Ganj, _bNew Delhi _e110002 |
||
| 300 |
_a310ص _c22Cm (Hb) |
||
| 942 |
_2ddc _cUR _h841.8 _mش ی ن |
||
| 999 |
_c92294 _d92294 |
||